00378pab a2200145 454500008004000000100001400040245003200054260000900086300001300095362000800108650003400116650003600150650002800186773001800214180718b2013 xxu||||| |||| 00| 0 eng d aKhndu, S. aCoalition politics in India c2013 ap.28-31. aJul aCoalition governments - india aIndia - Politics and government aPolitics and government aThird Concept